• 首页
  • 本馆介绍
  • 公告通知
  • 最新文献
  • 馆藏检索
  • 电子资源
  • 读者导购
  • 参考咨询
  • 我的图书馆
  • 登录
  • 详细信息显示
  • 放入我的书架
  • 预约/预借图书
  • 作者相关作品
  • 分类相关作品
  • 丛书相关作品
  • 出版社相关作品

书目信息

  • 表格格式
  • 工作单格式
  • 卡片格式
题名:
文字上的中国-成语
    
 
作者: 《国学典藏》丛书编委会编著
分册:  
出版信息: 北京   中国铁道出版社  2018
页数: 364页
开本: 24cm
丛书名: 《国学典藏》丛书
单 册:
中图分类: H12-49 , H136.31
科图分类:
主题词: 汉字--通俗读物 , 汉语--成语--通俗读物
电子资源:
ISBN: 978-7-113-23229-0
000 01000oam2 2200253 450
001 7202
005 20180605103313.91
010    @a978-7-113-23229-0@dCNY45.00
100    @a20180315d2018 em y0chiy50 ea
101 0  @achi
102    @aCN@b110000
105    @aa z 000yy
200 1  @a文字上的中国-成语@Awen zi shang de zhong guo-cheng yu@9wen zi shang de zhong guo@f《国学典藏》丛书编委会编著
210    @a北京@c中国铁道出版社@d2018
215    @a364页@c图@d24cm
225 1  @a《国学典藏》丛书
330    @a成语以自身的言简意赅、内容丰富而成为了构建汉语言大厦中强有力的一根栋梁。由于许多成语出现的年代距今已十分遥远,常常会令人感到不知其所云,而误用、错用。有鉴于此,本书在忠于原文的基础上,加以组织、整理,并运用准确、流畅的白话文解释、翻译,讲述了一个个精彩的古代成语故事。
461  0 @12001 @a《国学典藏》丛书
606 0  @a汉字@j通俗读物
606 0  @a汉语@x成语@j通俗读物
690    @aH12-49@v5
690    @aH136.31@v5
801  0 @aCN@b91MARC@c20180315
905    @aMuseLib@dH12-49@e187
    
    文字上的中国-成语/《国学典藏》丛书编委会编著.-北京:中国铁道出版社,2018
    364页:图;24cm.-(《国学典藏》丛书)
    
    
    ISBN 978-7-113-23229-0:CNY45.00
    成语以自身的言简意赅、内容丰富而成为了构建汉语言大厦中强有力的一根栋梁。由于许多成语出现的年代距今已十分遥远,常常会令人感到不知其所云,而误用、错用。有鉴于此,本书在忠于原文的基础上,加以组织、整理,并运用准确、流畅的白话文解释、翻译,讲述了一个个精彩的古代成语故事。
●
相关链接 在E读中查询图书 在五车中查询图书 在当当中查询图书 在豆瓣中查询图书


正题名:文字上的中国-成语     索取号:H12-49/187         预约/预借

序号 登录号 条形码 馆藏地/架位号 状态 备注
1 1116873   211168733   第二样本阅览室/ [索取号:H12-49/187] 在馆    
2 1116874   211168742   教育系资料室/ [索取号:H12-49/187] 在馆    
3 1116875   211168751   教育系资料室/ [索取号:H12-49/187] 在馆    
4 1116876   211168760   第四借阅区/ [索取号:H12-49/187] 在馆    
唐山师范学院图书馆 欢迎您!
大连网信软件有限公司© 版权所有